000 00674nam a2200241 i 4500
001 C2-0118376
003 PPAK
005 20180727111207.0
008 970802s1984 enka|||| ||||| | eng d
020 _a0713626550
040 _aPPAK
_beng
_cPPAK
_erda
082 0 4 _a796.345
_223
090 0 0 _a796.345
_bDOW
_dG
100 1 _aDowney, Jake,
_eauthor
245 1 0 _aWinning badminton doubles
264 1 _aLondon :
_bA & C Black (Publishers) Limited ,
_c1984
300 _a223 pages :
_billustrations ;
_c24 cm
336 _2rdacontent
_atext
337 _2rdamedia
_aunmediated
338 _2rdacarrier
_avolume
650 1 0 _aBadminton (game)- Doubles
942 _ddc
_cB
999 _c32211
_d32211